Most Religious EU Countries - Statistics

General Stats
  • This quiz has been taken 352 times
  • The average score is 7 of 10
Answer Stats
% Religious Country % Correct
74 Italy
90%
79 Poland
88%
79 Greece
79%
70 Portugal
74%
94 Romania
70%
70 Ireland
68%
69 Croatia
63%
94 Malta
55%
63 Slovakia
55%
88 Cyprus
36%
No matching quizzes found
Score Distribution
Percent of People with Each Score
Percentile by Number Answered
Your Score History
You have not taken this quiz